| 000 | 02120nam a2200613 i 4500 | ||
|---|---|---|---|
| 001 | 52840 | ||
| 003 | KOSZ 005 | ||
| 005 | 20220422130452.0 | ||
| 008 | 070215s2007 pl a f f |001 0 pol | ||
| 015 | _aUWD 2007/8492 | ||
| 020 | _a8320816416 | ||
| 020 | _a8320816459 | ||
| 020 | _a9788320816419 | ||
| 020 | _a9788320816457 | ||
| 035 | _a991033072099705066 | ||
| 035 | _a(PL-WaBN)b18862767-48omnis_nlop | ||
| 035 | _ab18862767 | ||
| 035 | _a(OCoLC)749515100 | ||
| 035 | _azz2007961423 | ||
| 035 | _a(PL)b0000001886276 | ||
| 035 | _a(EXLNZ-48OMNIS_NETWORK)9910070132005606 | ||
| 040 |
_aWA N _cWA N _dKOSZ 005/HR |
||
| 041 | 1 |
_apol _heng |
|
| 046 | _k1987 | ||
| 080 | _a330.101.542 | ||
| 080 | _a(075.8) | ||
| 100 | 1 |
_aBegg, David K. H. _eAutor |
|
| 245 | 0 | 0 |
_aMikroekonomia / _cDavid Begg [oraz] Stanley Fischer, Rudiger Dornbusch ; red. nauk. Ryszard Rapacki ; tł. Bogusław Czarny [et al.]. |
| 246 | 1 |
_iTyt. oryg.: _aEconomics, _f1987 |
|
| 250 | _aWyd. 4 zm. | ||
| 260 |
_aWarszawa : _bPolskie Wydawnictwo Ekonomiczne, _c2007. |
||
| 300 |
_a622 s. : _bil. ; _c24 cm. |
||
| 336 |
_aTekst _btxt _2rdacontent |
||
| 337 |
_aBez urządzenia pośredniczącego _bn _2rdamedia |
||
| 338 |
_aWolumin _bnc _2rdacarrier |
||
| 380 | _aKsiążki | ||
| 380 | _aPublikacje dydaktyczne | ||
| 385 |
_mPoziom nauczania _aSzkoły wyższe |
||
| 388 | _a1901-2000 | ||
| 388 | _a2001- | ||
| 504 | _aIndeks. | ||
| 521 | 8 | _aPodręcznik dla studentów pierwszych lat studiów ekonomicznych. | |
| 650 | 7 |
_aMikroekonomia _2DBN |
|
| 655 | 7 |
_aPodręczniki akademickie _2DBN |
|
| 658 | _aGospodarka, ekonomia, finanse | ||
| 700 | 1 |
_aCzarny, Bogusław _d(1957- ) _eTłumaczenie |
|
| 700 | 1 |
_aDornbusch, Rudiger _d(1942-2002) _eAutor |
|
| 700 | 1 |
_aFischer, Stanley _d(1943- ) _eAutor |
|
| 700 | 1 |
_aRapacki, Ryszard _d(1949- ) _eRedakcja |
|
| 710 | 2 |
_aPolskie Wydawnictwo Ekonomiczne _4pbl |
|
| 856 |
_uhttp://koha.tu.koszalin.pl/cgi-bin/koha/opac-detail.pl?biblionumber=52840 _yKatalog online BPK |
||
| 942 |
_2UKD _cKS |
||
| 999 |
_c52840 _d52840 |
||